000 00693nam a2200289Ia 4500
005 20260324112245.0
008 008 260324s9999 xx 000 0 eng d
020 _a9781032712673
037 _aEBOOK
040 _aCRL
040 _beng
040 _cCRL
041 _2eng
041 _aeng
084 _qCRL
100 _aT.S. Murugesh; Shriram K. Vasudevan; Sini Raj Pulari
_91141939
245 0 _aPython
245 2 _bA Practical Learning Approach
260 _bTaylor and Francis
260 _c2024
365 _a
365 _b260
856 _uhttp://www.taylorfrancis.com/books/9781032712673
942 _cEBOOK
999 _c1731083
_d1731083